Agroforestry, កសិរុក្ខកម្ម (Record no. 9378)
[ view plain ]
| 000 -LEADER | |
|---|---|
| fixed length control field | 00226nam a22000977a 4500 |
| 040 ## - CATALOGING SOURCE | |
| Transcribing agency | SY |
| 082 ## - DEWEY DECIMAL CLASSIFICATION NUMBER | |
| Classification number | 634 |
| 100 ## - MAIN ENTRY--AUTHOR NAME | |
| Personal name | LAM VAY; ឡាំ វ៉ៃ |
| 245 ## - TITLE STATEMENT | |
| Title | Agroforestry, កសិរុក្ខកម្ម |
| 942 ## - ADDED ENTRY ELEMENTS (KOHA) | |
| Koha item type | ADB |
| 952 ## - LOCATION AND ITEM INFORMATION (KOHA) | |
| Withdrawn status [LOCAL, KOHA] | 0 |
| 952 ## - LOCATION AND ITEM INFORMATION (KOHA) | |
| Withdrawn status [LOCAL, KOHA] | 0 |
| Permanent Location | Date acquired | Koha item type | Lost status | Shelving location | Barcode | Current Location | Full call number |
|---|---|---|---|---|---|---|---|
| Library Block C | 2016-08-31 | សៀវភៅភាសាខ្មែរ | C250 | RUA060135 | Library Block C | 634 LAM 1997 C250 | |
| Library Block C | 2016-09-01 | សៀវភៅភាសាខ្មែរ | C257 | RUA41158 | Library Block C | 634 LAM 1998 C257 |